| 000 | 00543nam a2200217 a 4500 | ||
|---|---|---|---|
| 999 |
_c6735 _d6735 |
||
| 001 | 6735 | ||
| 003 | BD-JhCC | ||
| 005 | 20180129105551.0 | ||
| 008 | 180129s1960 U |||| || | 000 0 eng d | ||
| 035 | _a(BD-JhCC)6735 | ||
| 040 |
_aBD-JhCC _dBD-JhCC |
||
| 041 | _aeng | ||
| 082 |
_a820.8 _bRAP 1960 |
||
| 100 | _aRaphael, Brother H. | ||
| 245 |
_aA Book of Stories / _cBrother H. Raphael, |
||
| 260 |
_aNew York : _bThe Macmillan Company, _c1960 |
||
| 300 |
_a313 p. : _c22 cm. |
||
| 650 | _aStories | ||
| 942 |
_2ddc _cBK |
||